Romanticos y socialistas. prensa española del xix /

Guardado en:
Autor Principal: Zavala, Iris M.
Formato: Libro
Publicado: Madrid : Siglo Veintiuno De EspaÑa Editores, 1972
Materias:
Etiquetas: Agregar Etiqueta
Sin Etiquetas, Sea el primero en etiquetar este registro!
LEADER 00515nam a22001575a 4500
001 EHU.bham009421
003 AR-BHAM
005 20100215134358.0
008 130507s1972##################000#0#####d
082 8 6 |a 868.507 
100 1 |a Zavala, Iris M. 
245 1 0 |a Romanticos y socialistas. prensa española del xix /  |c Iris M. Zavala 
260 |a Madrid :  |b Siglo Veintiuno De EspaÑa Editores,  |c 1972 
300 |a 205 p. 
653 |a Miscelanea espaÑola-1801-1900 
859 |a AR-BHAM  |b BIB. HUMANIDADES - General  |h 868.507  |i Z19  |p 113.73  |t Ej.1